Nuits d'Arabie - Aladdin / Film [Paroles Entières] - Statistiques

Statistiques générales
  • Ce quiz a été pris 101 fois
    100 depuis la dernière actualisation
  • Le résultat moyen est 169 sur 241
Statistiques - réponses
Strophe Parole % Correct
à
100%
nuit
99%
nuits
97%
d'Arabie,
96%
d'Arabie.
96%
Refrain 1 | Refrain 2 Ô
96%
le
95%
un
95%
Lion Un
95%
et
93%
de
92%
du
91%
les
89%
au
88%
des
88%
en
88%
la
88%
4ème La
88%
d'un
87%
ce
85%
folies
85%
folies,
85%
je
85%
85%
ou
85%
une
85%
d'or.
84%
mille
84%
Mille
84%
se
84%
soleil
84%
Soleil,
84%
viens
84%
d'Orient.
83%
pays
83%
qui
83%
jour.
81%
1ère Moi
81%
moi.
81%
c'est
80%
C'est
80%
2ème Quand
80%
quand
80%
tapis
80%
dans
79%
est
79%
l'Ouest
79%
magie
79%
mais,
79%
par
79%
sables
79%
chez
77%
l'Est,
77%
plein
77%
vent
77%
volant,
76%
vers
75%
vient
75%
envoûtant,
73%
aux
72%
d'amour,
72%
désert,
72%
ne
72%
parfum
72%
l'instant
71%
chaude
69%
plus
69%
eh,
68%
insomnie
68%
pas
68%
minuits,
67%
Pour
67%
caravanes
65%
qu'au
65%
te
65%
velours.
65%
coeur
64%
connaît
64%
perd,
64%
que
64%
vole
64%
l'amour.
63%
pluie,
63%
fatal
61%
infinis,
61%
3ème On
61%
on
61%
s'endort
61%
tu
61%
Lion Tu
61%
fou
60%
étrange
59%
mal
59%
Oui,
59%
Tous
59%
diamant
57%
5ème Ton
57%
ton
57%
flânent.
56%
rêvent
56%
bien
55%
Celui
55%
d'une
55%
merveilles ici
55%
là-bas,
55%
peuples
55%
de la seul
55%
d'innocence.
53%
dont
53%
merveilleux,
53%
entrer.
52%
mélangent,
52%
aux peut
52%
rêves
52%
tout
52%
côtoient.
51%
danse
51%
satin.
51%
soie
51%
toi
51%
chemin
49%
destin.
49%
feu,
49%
marchandes,
49%
nouvelle
49%
sous
49%
tandis
49%
Tant
49%
choisir
48%
conduit,
48%
gourmandes,
48%
caverne humain
48%
instant.
48%
jasmin.
48%
magiques
48%
mystérieux.
48%
perdu
48%
pris
48%
senteurs
48%
valeur
48%
bazar
47%
chaque
47%
détiens.
47%
dissimule
47%
l'apparence
47%
musique
47%
rues
47%
s'installe,
47%
transe,
47%
voeux
47%
châle
45%
charme
45%
dédale,
45%
l'envie,
45%
vas
45%
fièvre
44%
secrets
44%
suit
44%
coriandre
43%
fortune
43%
t'envoler
43%
d'où
41%
emporter.
41%
légendes,
41%
combler,
40%
Laisse
40%
progresser
39%
serpente
39%
t'exalter,
36%
viennent
36%
s'exalte
32%
de la dois
28%
caverne trouver
21%
Aucun quiz correspondant
Distribution des résultats
% des personnes avec chaque résultat
Percentile par nombre de réponses
Votre historique - résultats
Vous n’avez pas pris ce quiz depuis la dernière actualisation